Movies by Last Name III Quiz Stats

 Plays Quiz Updated Aug 17, 2018

Score 0/25 Timer 05:00
5 Plays Today
% Correct
Psycho
88.8%
Walk the Line
83.7%
Monsters Inc.
78.8%
Braveheart
78%
Raging Bull
75.6%
The Aviator
74.3%
Friday the 13th
73.3%
The Wizard of Oz
73%
Titanic
71.2%
Gladiator
70.9%
Robin Hood: Prince of Thieves
65.9%
Lethal Weapon
65.8%
A Beautiful Mind
64.7%
% Correct
Schindler's List
50.7%
The Incredibles
50.7%
Apocalypse Now
49.7%
The Departed
46.8%
The French Connection
46%
A Clockwork Orange
44.4%
Saving Private Ryan
39.1%
The Goonies
38.3%
When Harry Met Sally...
34.4%
The Fifth Element
33.3%
Armageddon
32.8%
Three Billboards Outside Ebbing, Missouri
21.9%

You're not logged in!

Compare scores with friends on all Sporcle quizzes.
OR
Log In

Sporcle TV

Today on Sporcle TV


Watch our educational content, quiz creation guides, and fun videos on Sporcle TV.

Show Comments

Extras

Top Quizzes Today


Score Distribution

Your Account Isn't Verified!

In order to create a playlist on Sporcle, you need to verify the email address you used during registration. Go to your Sporcle Settings to finish the process.

Report this User

Report this user for behavior that violates our Community Guidelines.

Details: